O novo controle de constitucionalidade municipal / (Record no. 746)

MARC details
000 -LÍDER
Campo Fixo de Controle 00719nam a2200229 a 4500
001 - NÚMERO DE CONTROLE
Campo de Controle 746
003 - IDENTIFICAÇÃO DO NÚMERO DE CONTROLE
Campo de Controle BR-CuiBMT
005 - DATA E HORA DA ÚLTIMA ATUALIZAÇÃO
Campo de Controle 20231116141554.0
008 - DADOS FIXOS
Dados Fixos 231116s2010 rjb 000 0 por d
020 ## - INTERNATIONAL STANDARD BOOK NUMBER
Nº do ISBN 9788530932909
040 ## - AGÊNCIA CATALOGADORA
Código da Agência Catalogadora BR-CuiBMT
Agência que transcreveu o registro BR-CuiBMT
080 ## - Nº DA CLASSIFICAÇÃO DECIMAL UNIVERSAL
Nº edição CDU 2007
Nº Class. CDU 340.132.6:352
090 ## - NÚMERO DE CHAMADA
Nº classificação 340.132.6:352
Cutter A447n
100 1# - ENTRADA PRINCIPAL -- AUTOR PESSOAL
Nome pessoal Almeida Neto, Manoel Carlos de
245 12 - TÍTULO PRINCIPAL
Título principal O novo controle de constitucionalidade municipal /
Indicação de responsabilidade Manoel Carlos de Almeida Neto.
260 ## - PUBLICAÇÃO, DISTRIBUIÇÃO, ETC.
Local de publicação Rio de Janeiro :
Editora Forense,
Data c2011
300 ## - DESCRIÇÃO FÍSICA
N. páginas ou volumes 224 p. ;
Dimensões 23 cm
504 ## - NOTA DE BIBLIOGRAFIA, ETC.
Nota de bibliografia Inclui bibliografia.
650 ## - ASSUNTO TÓPICO
Cabeçalho tópico ou nome geográfico Controle de constitucionalidade
Subdivisão geral Administração municipal
650 ## - ASSUNTO TÓPICO
Cabeçalho tópico ou nome geográfico Direito municipal
Subdivisão geográfica Brasil
942 ## - ELEMENTOS DE ENTRADA ADICIONAIS (KOHA)
Fonte de classificação ou esquema de arquivamento Classificação Decimal Universal
Tipo de item do Koha Livros
Holdings
Estado: removido Estado: perdido Fonte de classificação ou esquema de arquivamento Estado: danificado Indisponível para empréstimo Localização permanente Localização atual Data de aquisição Total Checkouts Número de Chamada completo Código de barras Date last seen Número do exemplar Preço efetivo a partir de Tipo de item (Koha)
    Classificação Decimal Universal     Biblioteca da Escola Superior de Contas do TCE/MT Biblioteca da Escola Superior de Contas do TCE/MT 16/11/2023   340.132.6:352 A447n BIBTCEMT23110627 16/11/2023 Ex. 1 16/11/2023 Livros
    Classificação Decimal Universal     Biblioteca da Escola Superior de Contas do TCE/MT Biblioteca da Escola Superior de Contas do TCE/MT 16/11/2023   340.132.6:352 A447n BIBTCEMT23110628 16/11/2023 Ex. 2 16/11/2023 Livros

Powered by Koha